U.S States With the Letter S - Statistics

General Stats
  • This quiz has been taken 230 times
  • The average score is 20 of 21
Answer Stats
U.S States % Correct
South Carolina
99%
South Dakota
99%
Arkansas
98%
Kansas
97%
Tennessee
97%
Texas
97%
Alaska
96%
Massachusetts
96%
Mississippi
96%
New Hampshire
95%
Washington
95%
Louisiana
94%
West Virginia
94%
Missouri
93%
Illinois
92%
Nebraska
92%
Rhode Island
92%
Wisconsin
92%
Minnesota
91%
Pennsylvania
90%
New Jersey
88%
No matching quizzes found
Score Distribution
Percent of People with Each Score
Percentile by Number Answered
Your Score History
You have not taken this quiz